LEADER 05638nam 2200661 450 001 9910466795403321 005 20200520144314.0 010 $a2-7598-2284-2 024 7 $a10.1051/978-2-7598-2284-3 035 $a(CKB)4100000006994572 035 $a(MiAaPQ)EBC5520142 035 $a(PPN)233376860 035 $a(Au-PeEL)EBL5520142 035 $a(OCoLC)1055048590 035 $a(DE-B1597)573549 035 $a(DE-B1597)9782759822843 035 $a(MiAaPQ)EBC6810603 035 $a(Au-PeEL)EBL6810603 035 $a(OCoLC)1245058356 035 $a(EXLCZ)994100000006994572 100 $a20181105d2018 uy 0 101 0 $afre 135 $aurcnu|||||||| 181 $ctxt$2rdacontent 182 $cc$2rdamedia 183 $acr$2rdacarrier 200 10$aChimie, ae?ronautique et Espace /$fAne Aanesland [and sixteen others] ; Coordonne par Minh-Thu Dinh-Audouin, Danie?le Olivier et Paul Rigny 210 1$aLes Ulis Cedex A, France :$cEDP Sciences,$d[2018] 210 4$d©2018 215 $a1 online resource (272 pages) 225 1 $aCollection Chimie et 311 $a2-7598-2283-4 327 $tFrontmatter -- $tSommaire -- $tAvant-propos : par Danièle Olivier et Paul Rigny -- $tPréface : par Bernard Bigot -- $tPartie 1 : La R&D aéronautique et spatiale -- $tChapitre 1 : La chimie et l?espace par Jacques Louet -- $tChapitre 2 : Demain, l?aviation plus verte et plus autonome par Denis Chapuis -- $tChapitre 3 : La propulsion des fusées et des futurs avions chez Air Liquide ! par Pierre Crespi -- $tChapitre 4 : Les nouveaux matériaux composites pour l?aéronautique par Vincent Aerts -- $tChapitre 4 : Les matériaux pour l?espace : application aux instruments optiques par Dominique Gilliéron -- $tChapitre 5 : StratobusTM par Jean-Philippe Chessel -- $tPartie 2 : Chimie et aéronautique -- $tChapitre 6 : Les défis matériaux et procédés pour les équipements aéronautiques par Olivier Delcourt -- $tChapitre 7 : La propulsion électrique : de la propulsion classique à la micro-propulsion par Ane Aanesland -- $tChapitre 8 : Apport de la chimie au développement de matériaux pour l?aéronautique par Marie-Joëlle Menu, Marie Gressier, Pierre Alphonse et Florence Ansart -- $tChapitre 9 : Dernières avancées dans les alliages d?aluminium pour applications aéronautiques par Timothy Warner -- $tPartie 3 : Chimie et espace -- $tChapitre 10 : Molécules dans l?Univers. Où ? Quand ? Comment ? Pourquoi ? par Michel Guélin -- $tChapitre 10 : Traces chimiques d?une forme de vie extraterrestre : si près ! Si loin ! par Michel Viso -- $tChapitre 11 : Les origines de la vie, du minéral aux biomolécules d?après la conférence de Thomas Georgelin -- $tChapitre 12 : L?exploration spatiale : quelles perspectives et quelle place pour l?Europe ? par Richard Bonneville 330 $aChaque enfant, chaque adulte est un vrai Jules Verne quand il s?agit de la conquête de l?espace. Les avions toujours plus performants, les hélicoptères, les drones nous font rêver. Et les satellites, donc, avec leurs promesses d?exploration des astres voisins ! Malgré les difficultés concrètes dues au manque de combustible fossile qui s?esquisse, le transport aérien reste une priorité. La mondialisation galopante impose des contacts humains réels entre pays différents, aux extrémités du monde. L?utilisation des satellites pour les télécommunications est devenue indispensable, par exemple pour le développement d?Internet ou pour les GPS. Les demandes de surveillances tous azimuts par les drones ou par les petits satellites se multiplient. Tout indique que l?utilisation de l?espace, l?un des grands thèmes de la technologie actuelle, le restera pour les années qui viennent. On trouvera dans ce livre l?exposé des multiples objectifs des recherches qui nous préparent le futur en matière de transport aérien et d?exploration de l?espace. Pour réussir les projets souvent aussi ambitieux que hardis, la recherche est sollicitée de façon majeure. Cette recherche, c?est dans une large mesure celle de nouveaux matériaux, métaux rares, composites ou matières plastiques de haute performance. Autant dire que cet ouvrage regorge d?exemples d?applications de cette vaste et féconde discipline qu?est la chimie, exposés par des professionnels spécialistes des laboratoires de recherche et des industries. L?aéronautique et l?espace jouent un rôle déterminant au niveau sociétal ; pour le premier en termes d?énergie, de sécurité ou de confort, pour le second dans le cadre de la quête perpétuelle de l?humanité des éléments fondamentaux pour la connaissance de l?Univers, de son évolution et des connaissances de l?origine de la vie. 410 0$aCollection Chimie et. 606 $aChemistry$xResearch 606 $aAeronautics$xResearch 606 $aAerospace engineering$xResearch 606 $aNeurochemistry$xResearch 606 $aScience$xSocial aspects 608 $aElectronic books. 615 0$aChemistry$xResearch. 615 0$aAeronautics$xResearch. 615 0$aAerospace engineering$xResearch. 615 0$aNeurochemistry$xResearch. 615 0$aScience$xSocial aspects. 676 $a540.724 700 $aAanesland$b Ane$01053543 702 $aOlivier$b Danie?le 702 $aRigney$b Paul 702 $aDinh-Audouin$b Minh-Thu 801 0$bMiAaPQ 801 1$bMiAaPQ 801 2$bMiAaPQ 906 $aBOOK 912 $a9910466795403321 996 $aChimie, ae?ronautique et Espace$92485499 997 $aUNINA LEADER 03141nam 22006375 450 001 9910484284603321 005 20250609111029.0 010 $a9783030488680 010 $a3030488683 024 7 $a10.1007/978-3-030-48868-0 035 $a(CKB)4100000011457911 035 $a(MiAaPQ)EBC6353510 035 $a(DE-He213)978-3-030-48868-0 035 $a(Perlego)3482134 035 $a(MiAaPQ)EBC6353367 035 $a(iGPub)SPNA0069995 035 $a(EXLCZ)994100000011457911 100 $a20200918d2020 u| 0 101 0 $aeng 135 $aurnn|008mamaa 181 $ctxt$2rdacontent 182 $cc$2rdamedia 183 $acr$2rdacarrier 200 10$aTabloid Journalism and Press Freedom in Africa /$fby Brian Chama 205 $a1st ed. 2020. 210 1$aCham :$cSpringer International Publishing :$cImprint: Palgrave Macmillan,$d2020. 215 $a1 online resource (X, 184 p.) 311 08$a9783030488673 311 08$a3030488675 320 $aIncludes bibliographical references and indexes. 327 $a1. Introduction -- 2. Tabloids in Southern Africa and emerging cyberspace laws -- 3. Public order and national security laws impact on tabloids in North Africa -- .Chapter 4 The impact of defamation laws on tabloids in West Africa -- 5. False news laws impact on tabloids in East Africa -- 6. Sedition and treason laws and effect on tabloids in Central Africa -- 7. The Final Word. 330 $aThis book studies tabloid journalism newspapers within the broader context of press freedom in Africa. After defining tabloid journalism and professional practices within various political contexts, the book then proceeds to consider tabloids in Southern Africa and emerging cyberspace laws. Many factors of press freedom are considered, including the impact of public order and national security laws on tabloids in North Africa, the impact of defamation laws on tabloids in West Africa, the impact of the fake news laws on tabloids in East Africa, and the impact of sedition and treason laws on tabloids in Central Africa. Exploring tabloid journalism and press freedom in Arabic, Portuguese, and Francophone speaking countries across Africa, this book is a unique addition to this emerging field. The book concludes by providing a synthesis of the developing patterns from the cases analysed and by looking to the future to make recommendations and map the challenges and the successes. 606 $aJournalism 606 $aCommunication 606 $aEthnology$zAfrica 606 $aCulture 606 $aJournalism 606 $aMedia and Communication 606 $aAfrican Culture 615 0$aJournalism. 615 0$aCommunication. 615 0$aEthnology 615 0$aCulture. 615 14$aJournalism. 615 24$aMedia and Communication. 615 24$aAfrican Culture. 676 $a079.6 676 $a301 700 $aChama$b Brian$01060566 801 0$bMiAaPQ 801 1$bMiAaPQ 801 2$bMiAaPQ 906 $aBOOK 912 $a9910484284603321 996 $aTabloid journalism and press freedom in Africa$92851837 997 $aUNINA